Science Quiz

Random Science or Animal Quiz

Mammals by Order Quiz Stats

Quiz Updated Jun 4, 2014

Also try: Marine Mammals
Challenge
Share
Tweet
Embed
Score 0/29 Timer 04:00
3 Plays Today
# of Species Example % Correct
2277Mice, Rats, Capybara, etc.
97.1%
376Human, Lemurs, Tarsiers, etc.
96.1%
287Bears, Lions, Seals, etc.
95.2%
84Whales, Dolphins, Porpoises, etc.
76.3%
240Pigs, Buffalo, Gazelle, etc.
75%
17Horses, Zebras, Tapirs, Rhinoceroses, etc.
64.7%
3Elephants
62.5%
143Koala, Kangaroos, Possums, etc.
55%
1116Bats
52%
5Platypus, Echidnas
45.7%
93Rabbits, Hares, Pikas
39.6%
10Anteaters, Sloths
34.8%
428Shrews, Moles, Solenodon
26.3%
5Manatees, Dugong
20.9%
21Armadillos
16.5%
# of Species Example % Correct
1Aardvark
15.6%
24Hedgehogs, Gymnures
13.4%
4Hyraxes
11.4%
87Opossum
10.8%
71Tasmanian Devil, Numbat, etc.
7.7%
8Pangolins
7.3%
15Elephant Shrews, Sengi
5%
20Treeshrews
4.9%
2Flying Lemurs (Colugos)
4.7%
51Tenrecs, Golden Moles, Otter Shrews
4.6%
21Bandicoots, Bilby
3.5%
1Monito del Monte
3.1%
2Marsupial Moles
2.4%
6Shrew Opossums
2%

You're not logged in!

Compare scores with friends on all Sporcle quizzes.
Sign Up with Email
OR
Log In

You Might Also Like...

Show Comments

Extras

Top Quizzes Today


Score Distribution

Your Account Isn't Verified!

In order to create a playlist on Sporcle, you need to verify the email address you used during registration. Go to your Sporcle Settings to finish the process.